000 00649nam a2200217 i 4500
001 23019
003 ES-MaACL
005 20230906152811.0
007 t|
008 021205s1964 fr ||||1| spa d
100 1 _aÁlvarez del Vayo, Julio,
_d1891-1975
_920791
245 1 0 _aChina vence /
_cJulio Álvarez del Vayo.
260 _aParis :
_bRuedo Ibérico,
_c1964.
300 _a208 p., 8 lám. ;
_c21 cm.
490 1 _aMundo contemporáneo
651 4 _aChina-
_xDescripción.
_98049
710 2 _aÉditions Ruedo ibérico.
_9145333
830 1 _aMundo contemporáneo
_9182967
852 _aES-MaACL
_jL-3449
999 _c23019
_d23019